Obrazy a plastiky

Bibliographic Details
Main Author: Chriašteľová, Ľubica, 1948- (Author)
Format: Article
Language:Slovak
PhysicalDescription:Obr. 1.
Subjects:

MARC

LEADER 00000nab a2200000 a 4500
001 vtls000049593
003 SK-MaSNL
005 20260304033419.0
008 140301c1980 xo 0 slo
015 |a SNBRB19rr/mm-uuuuu 
035 |a CL0059690 
040 |a SNKBUCL  |b slo  |c SNKBUCL  |e AACR2 
041 0 |a slo 
044 |a xo  |c SK 
080 |a 73/76  |2 1981 
080 |a 730  |2 1981 
100 1 |a Chriašteľová, Ľubica,  |d 1948-  |4 aut  |9 5061 
245 1 0 |a Obrazy a plastiky  |c Ľ. Chriašteľová 
300 |b Obr. 1. 
650 0 7 |a výtvarné umenie  |2 snkbucl  |9 723 
655 7 |a články z novín a časopisov  |2 snkbucl  |9 267496 
773 0 |t Učiteľské noviny  |g Roč. 30, č. 3 (1980), s. 12 
850 |a Slovenská národná knižnica v Martine  |a MTA001 
852 |a SNK  |b KIS3GCP 
957 |a 5100 
958 |a RK 
992 |a RBX 
999 |c 2648051  |d 2649981